Quel pays pour ces codes internationaux ? (8) - Statistiques

Statistiques générales
  • Ce quiz a été pris 18 fois
  • Le résultat moyen est 13 sur 20
Statistiques - réponses
Codes Pays % Correct
F / LF / FR / fr / FRA France
100%
DX / TG / TOG / TGO Togo
100%
LG / GR / SX / GRC Grèce
94%
EE / ES / EST / EN Estonie
88%
OK / KW / 9K / KU / KWT Koweït
88%
LP / PT / CS / PO / PRT Portugal
88%
OS / SY / YK / SYR Syrie
88%
IR / OI / OP / IRN Iran
81%
PH / RP / RPC / PHL Philippines
81%
TUV / NG / TV / tv Tuvalu
81%
OL / LB / OD / LE / LBN Liban
75%
TJ / FK / CM / CMR Cameroun
63%
HU / UG / 5X / UGA Ouganda
56%
VG / BD / BG / BGD Bangladesh
44%
LU / MD / ER / MDA Moldavie
44%
TA / AG / V2 / ATG Antigua-et-Barbuda
38%
FG / GQ / 3C / GNQ / EK Guinée équatoriale
38%
WM / MY / 9M / MYS Malaisie
31%
FZ / CD / 9S / CG / COD RD Congo
25%
YS / MS / SV / SLV / ESA Salvador
6%
Aucun quiz correspondant
Distribution des résultats
% des personnes avec chaque résultat
Percentile par nombre de réponses
Votre historique - résultats
Vous n’avez pas pris ce quiz